Effects of Feeder Routes of Metro Bus Islamabad and Analysis of Traffic Using Simulation (Vissim) (Record no. 553968)
[ view plain ]
| 000 -LEADER | |
|---|---|
| fixed length control field | 00476nam a22001457a 4500 |
| 082 ## - DEWEY DECIMAL CLASSIFICATION NUMBER | |
| Classification number | P-746 |
| 100 ## - MAIN ENTRY--PERSONAL NAME | |
| Personal name | Syed Muhammad Raza |
| 9 (RLIN) | 51224 |
| 245 ## - TITLE STATEMENT | |
| Title | Effects of Feeder Routes of Metro Bus Islamabad and Analysis of Traffic Using Simulation (Vissim) |
| Statement of responsibility, etc. | Syed Muhammad Raza |
| 260 ## - PUBLICATION, DISTRIBUTION, ETC. | |
| Place of publication, distribution, etc. | Risalpur, |
| Name of publisher, distributor, etc. | MCE, |
| Date of publication, distribution, etc. | 2017. |
| 300 ## - PHYSICAL DESCRIPTION | |
| Extent | 95p. |
| Other physical details | ill. |
| 526 ## - STUDY PROGRAM INFORMATION NOTE | |
| Program name | 0 |
| Interest level | 0 |
| Reading level | 0 |
| Title point value | P_746 |
| 650 ## - SUBJECT ADDED ENTRY--TOPICAL TERM | |
| Topical term or geographic name entry element | Geo-tech |
| Topical term following geographic name entry element | Syn#20 ,2017 |
| 9 (RLIN) | 51225 |
| 700 ## - ADDED ENTRY--PERSONAL NAME | |
| Personal name | Lt Col Muhammad Bilal Khurshid |
| 9 (RLIN) | 51226 |
| 942 ## - ADDED ENTRY ELEMENTS (KOHA) | |
| Source of classification or shelving scheme | |
| Koha item type | Book |
| Withdrawn status | Lost status | Source of classification or shelving scheme | Damaged status | Not for loan | Permanent Location | Current Location | Date acquired | Total Checkouts | Full call number | Barcode | Date last seen | Copy number | Price effective from | Koha item type |
|---|---|---|---|---|---|---|---|---|---|---|---|---|---|---|
| Military College of Engineering (MCE) | Military College of Engineering (MCE) | 09/14/2017 | P-746 | MCE-P-746 | 03/13/2019 | Project | 09/14/2017 | Book |
